Quiz o Papieżu Franciszku - Statystyki

Ogólne statystyki
  • Ten quiz został rozwiązany 60 razy
  • Średni wynik to 11 z 15
Statystyki odpowiedzi
Podpowiedź Odpowiedź % Poprawnych
Rok śmierci 2025
100%
Państwo śmierci Watykan
100%
Państwo urodzenia Argentyna
98%
Rok jego konklawe 2013
93%
Imię papieskie poprzedniego papieża Benedykt
93%
Rok urodzenia 1936
91%
Miasto urodzenia Buenos Aires
82%
Miesiąc jego konklawe marzec
82%
Dzień tygodnia w którym umarł poniedziałek
82%
Data śmierci ( DD.MM ) 21.04
71%
Data pogrzebu ( DD.MM ) 26.04
69%
Wiek w którym umarł 88
69%
Pełne imię i nazwisko Jorge Mario Bergoglio
47%
Napis na grobie Franciscus
33%
Godzina wybrania 19:06
16%
Nie znaleziono quizów pasujących do podanych kryteriów
Rozkład punktacji
Procent ludzi z każdym wynikiem
Percentyl według liczby udzielonych odpowiedzi
Twoja historia wyników
Nie rozwiązałeś tego quizu